000 00723cam a22002531 4500
999 _c23210
_d23210
001 3602243
005 20170126081831.0
008 900924s1971 at b 000 0 eng
010 _a 70859490
015 _aAus***
020 _a0195503554
040 _aDLC
_cDLC
_dDLC
050 0 0 _aLB1025.2
_b.R64 1971
100 1 _aRoe, Ernest.
245 1 0 _aSome dilemmas of teaching.
_cErnest Roe
260 _aMelbourne,
_aNew York,
_bOxford University Press,
_c[1971]
300 _a183 p. :
_c21 cm.
504 _aBibliography: p. 177-179.
650 0 _aTeaching.
942 _2lcc
_cBOOKS
_hLB1025.2 .R64 1971